[Event "4NCL Div 1 2018-19"]
[Site "Telford"]
[Date "2019.02.09"]
[Round "5.29"]
[White "Berry, Neil"]
[Black "Pigott, John C"]
[Result "1-0"]
[WhiteElo "2274"]
[BlackElo "2388"]
[Annotator "NA"]
[PlyCount "75"]
[EventDate "2018.11.10"]
[EventType "team-tourn"]
[EventCountry "GBR"]
[SourceTitle "playchess.com"]
[Source "ChessBase"]
[SourceQuality "1"]
[TimeControl "40/6000+30:3000+30"]

1. d4 {[%emt 0:00:00]} Nf6 {[%emt 0:00:00]} 2. c4 {[%emt 0:00:05]} e6 {[%emt 0:00:16]} 3. Nf3 {[%emt 0:01:03]} d5 {[%emt 0:00:35]} 4. g3 {[%emt 0:01:16]} Bb4+ {[%emt 0:01:05]} 5. Bd2 {[%emt 0:00:15]} Be7 {[%emt 0:00:09]} 6. Bg2 {[%emt 0:01:06]} O-O {[%emt 0:00:12]} 7. O-O {[%emt 0:00:13]} c6 {[%emt 0:00:19]} 8. Qc2 {[%emt 0:02:01]} Nbd7 {[%emt 0:00:18]} 9. Bf4 {[%emt 0:02:31]} b6 {[%emt 0:00:55]} 10. Rd1 {[%emt 0:03:50]} Ba6 {[%emt 0:02:01]} 11. cxd5 {[%emt 0:05:05]} cxd5 {[%emt 0:00:10]} 12. Ne5 {[%emt 0:00:44]} Nxe5 {[%emt 0:00:19]} 13. dxe5 {[%emt 0:01:43]} Ng4 {[%emt 0:00:08]} 14. h3 {[%emt 0:12:26]} Rc8 {[%emt 0:01:25]} 15. Nc3 {[%emt 0:07:55]} Nxf2 {[%emt 0:02:46]} 16. Kxf2 {[%emt 0:05:23]} Bc5+ {[%emt 0:00:53]} 17. Be3 {[%emt 0:25:08]} Bxe3+ {[%emt 0:14:27]} 18. Kxe3 {[%emt 0:00:08]} b5 {[%emt 0:00:44]} 19. Qd2 {[%emt 0:09:58]} Qb6+ {[%emt 0:05:56]} 20. Qd4 {[%emt 0:01:55]} Qb8 {[%emt 0:00:11]} 21. Kf2 {[%emt 0:05:38]} b4 {[%emt 0:03:01]} 22. Nxd5 {[%emt 0:04:50]} exd5 {[%emt 0:02:19]} 23. Bxd5 {[%emt 0:34:04]} Rc2 {[%emt 0:33:58]} 24. Rd2 {[%emt 0:00:00]} Rxd2 {[%emt 0:00:57]} 25. Qxd2 {[%emt 0:00:00]} Qxe5 {[%emt 0:00:19]} 26. Bf3 {[%emt 0:00:00]} Re8 {[%emt 0:06:59]} 27. Rc1 {[%emt 0:00:00]} h6 {[%emt 0:07:16]} 28. b3 {[%emt 0:00:00]} Bb5 {[%emt 0:06:14]} 29. Qf4 {[%emt 0:00:00]} Qe6 {[%emt 0:06:30]} 30. Bg4 {[%emt 0:00:00]} f5 {[%emt 0:08:04]} 31. Bh5 {[%emt 0:00:00]} g6 {[%emt 0:01:13]} 32. Bf3 {[%emt 0:00:00]} Bxe2 {[%emt 0:01:32]} 33. Rc6 {[%emt 0:00:00]} Qd7 {[%emt 0:01:53]} 34. Rxg6+ {[%emt 0:00:00]} Kf7 {[%emt 0:00:06]} 35. Rd6 {[%emt 0:00:00]} Qc8 {[%emt 0:01:00]} 36. Bd5+ {[%emt 0:00:00]} Ke7 {[%emt 0:00:34]} 37. Qe5+ {[%emt 0:00:00]} Kf8 {[%emt 0:00:12]} 38. Qf6# {[%emt 0:00:00]} 1-0

[Event "4NCL Div 1 2018-19"]
[Site "Telford"]
[Date "2019.02.09"]
[Round "5.30"]
[White "Griffiths, Ryan Rhys"]
[Black "Findlay, David John"]
[Result "1-0"]
[WhiteElo "2358"]
[BlackElo "2183"]
[Annotator "NA"]
[PlyCount "77"]
[EventDate "2018.11.10"]
[EventType "team-tourn"]
[EventCountry "GBR"]
[SourceTitle "playchess.com"]
[Source "ChessBase"]
[SourceQuality "1"]
[TimeControl "40/6000+30:3000+30"]

1. c4 {[%emt 0:00:00]} e6 {[%emt 0:00:00]} 2. g3 {[%emt 0:00:07]} d5 {[%emt 0:00:21]} 3. Bg2 {[%emt 0:00:08]} Nf6 {[%emt 0:00:33]} 4. Nf3 {[%emt 0:00:11]} a6 {[%emt 0:00:44]} 5. b3 {[%emt 0:01:39]} c5 {[%emt 0:01:37]} 6. cxd5 {[%emt 0:00:09]} exd5 {[%emt 0:01:11]} 7. d4 {[%emt 0:00:08]} Nc6 {[%emt 0:03:03]} 8. O-O {[%emt 0:00:27]} Be7 {[%emt 0:03:01]} 9. dxc5 {[%emt 0:02:18]} Bxc5 {[%emt 0:02:48]} 10. Ba3 {[%emt 0:02:19]} Bxa3 {[%emt 0:05:51]} 11. Nxa3 {[%emt 0:00:11]} O-O {[%emt 0:00:30]} 12. Nc2 {[%emt 0:00:18]} Re8 {[%emt 0:08:23]} 13. Ncd4 {[%emt 0:00:28]} Ne4 {[%emt 0:04:11]} 14. Rc1 {[%emt 0:01:21]} Bd7 {[%emt 0:09:47]} 15. Nxc6 {[%emt 0:03:56]} Bxc6 {[%emt 0:01:00]} 16. Qd4 {[%emt 0:03:14]} Bb5 {[%emt 0:07:25]} 17. Rc2 {[%emt 0:03:20]} Rc8 {[%emt 0:06:58]} 18. Rfc1 {[%emt 0:02:15]} Qd7 {[%emt 0:01:52]} 19. e3 {[%emt 0:14:32]} Rxc2 {[%emt 0:04:11]} 20. Rxc2 {[%emt 0:00:09]} Rc8 {[%emt 0:01:16]} 21. Qb2 {[%emt 0:05:25]} f6 {[%emt 0:14:54]} 22. a4 {[%emt 0:06:00]} Bd3 {[%emt 0:00:41]} 23. Rxc8+ {[%emt 0:03:44]} Qxc8 {[%emt 0:00:16]} 24. Ne1 {[%emt 0:00:33]} Nc5 {[%emt 0:06:34]} 25. Bxd5+ {[%emt 0:04:13]} Kh8 {[%emt 0:00:24]} 26. Nxd3 {[%emt 0:04:23]} Nxd3 {[%emt 0:00:39]} 27. Qd2 {[%emt 0:00:16]} Nc5 {[%emt 0:06:59]} 28. Qc2 {[%emt 0:01:24]} a5 {[%emt 0:03:46]} 29. Bxb7 {[%emt 0:03:46]} Qxb7 {[%emt 0:00:15]} 30. Qxc5 {[%emt 0:00:11]} h6 {[%emt 0:00:20]} 31. Qxa5 {[%emt 0:01:27]} Qxb3 {[%emt 0:00:23]} 32. Qa8+ {[%emt 0:00:07]} Kh7 {[%emt 0:00:21]} 33. a5 {[%emt 0:00:29]} h5 {[%emt 0:02:16]} 34. h4 {[%emt 0:00:47]} g5 {[%emt 0:00:21]} 35. hxg5 {[%emt 0:00:36]} fxg5 {[%emt 0:00:32]} 36. a6 {[%emt 0:00:18]} Qd1+ {[%emt 0:00:37]} 37. Kg2 {[%emt 0:00:31]} h4 {[%emt 0:01:06]} 38. Qe4+ {[%emt 0:00:07]} Kg7 {[%emt 0:00:42]} 39. Qd4+ {[%emt 0:00:13]} 1-0

[Event "4NCL Div 1 2018-19"]
[Site "Telford"]
[Date "2019.02.09"]
[Round "5.30"]
[White "Willow, Jonah B"]
[Black "Maciol, Ryszard"]
[Result "1-0"]
[WhiteElo "2224"]
[BlackElo "2120"]
[Annotator "NA"]
[PlyCount "65"]
[EventDate "2018.11.10"]
[EventType "team-tourn"]
[EventCountry "GBR"]
[SourceTitle "playchess.com"]
[Source "ChessBase"]
[SourceQuality "1"]
[TimeControl "40/6000+30:3000+30"]

1. e4 {[%emt 0:00:00]} e6 {[%emt 0:00:00]} 2. d3 {[%emt 0:00:07]} d5 {[%emt 0:00:00]} 3. Nd2 {[%emt 0:00:11]} Nf6 {[%emt 0:00:16]} 4. Ngf3 {[%emt 0:00:19]} b6 {[%emt 0:01:04]} 5. e5 {[%emt 0:09:04]} Nfd7 {[%emt 0:00:51]} 6. c3 {[%emt 0:09:36]} c5 {[%emt 0:06:53]} 7. d4 {[%emt 0:02:33]} Ba6 {[%emt 0:05:58]} 8. Bxa6 {[%emt 0:05:50]} Nxa6 {[%emt 0:00:28]} 9. O-O {[%emt 0:00:11]} Be7 {[%emt 0:02:31]} 10. c4 {[%emt 0:10:41]} O-O {[%emt 0:09:06]} 11. cxd5 {[%emt 0:01:42]} exd5 {[%emt 0:00:07]} 12. Re1 {[%emt 0:00:17]} Nc7 {[%emt 0:02:29]} 13. Nf1 {[%emt 0:01:01]} Re8 {[%emt 0:03:06]} 14. Ne3 {[%emt 0:09:30]} cxd4 {[%emt 0:10:05]} 15. Qxd4 {[%emt 0:07:05]} Bc5 {[%emt 0:05:15]} 16. Qf4 {[%emt 0:01:46]} Ne6 {[%emt 0:05:44]} 17. Qg3 {[%emt 0:03:43]} Bxe3 {[%emt 0:08:40]} 18. Bxe3 {[%emt 0:00:41]} Ndc5 {[%emt 0:08:21]} 19. Rad1 {[%emt 0:01:19]} Qd7 {[%emt 0:01:46]} 20. Nh4 {[%emt 0:01:25]} Nf8 {[%emt 0:07:03]} 21. Bd4 {[%emt 0:16:36]} Ng6 {[%emt 0:08:36]} 22. Bc3 {[%emt 0:01:05]} Qe6 {[%emt 0:07:45]} 23. f3 {[%emt 0:05:37]} Rac8 {[%emt 0:03:06]} 24. Rd4 {[%emt 0:02:27]} Rc6 {[%emt 0:03:55]} 25. Rg4 {[%emt 0:05:52]} Kh8 {[%emt 0:03:25]} 26. Nxg6+ {[%emt 0:02:16]} fxg6 {[%emt 0:00:41]} 27. Rd1 {[%emt 0:03:07]} Rd8 {[%emt 0:01:03]} 28. Rh4 {[%emt 0:00:48]} Rd7 {[%emt 0:01:29]} 29. Rdd4 {[%emt 0:02:18]} Qe7 {[%emt 0:01:44]} 30. Rdf4 {[%emt 0:03:44]} g5 {[%emt 0:01:20]} 31. Qxg5 {[%emt 0:00:18]} Ne6 {[%emt 0:00:43]} 32. Qg6 {[%emt 0:04:06]} h6 {[%emt 0:00:59]} 33. Rfg4 {[%emt 0:00:27]} 1-0

[Event "4NCL Div 1 2018-19"]
[Site "Telford"]
[Date "2019.02.09"]
[Round "5.31"]
[White "Quinn, John M"]
[Black "Sygnowski, Tomasz"]
[Result "1/2-1/2"]
[WhiteElo "2163"]
[BlackElo "2153"]
[Annotator "NA"]
[PlyCount "33"]
[EventDate "2018.11.10"]
[EventType "team-tourn"]
[EventCountry "GBR"]
[SourceTitle "playchess.com"]
[Source "ChessBase"]
[SourceQuality "1"]
[TimeControl "40/6000+30:3000+30"]

1. d4 {[%emt 0:00:00]} Nf6 {[%emt 0:00:02]} 2. c4 {[%emt 0:00:00]} e6 {[%emt 0:00:07]} 3. Nc3 {[%emt 0:00:12]} d5 {[%emt 0:00:07]} 4. Bg5 {[%emt 0:01:48]} Be7 {[%emt 0:00:08]} 5. e3 {[%emt 0:01:47]} O-O {[%emt 0:00:23]} 6. Nf3 {[%emt 0:00:14]} a6 {[%emt 0:00:12]} 7. cxd5 {[%emt 0:03:42]} exd5 {[%emt 0:00:08]} 8. Qc2 {[%emt 0:00:36]} Nbd7 {[%emt 0:00:35]} 9. Rd1 {[%emt 0:02:11]} Re8 {[%emt 0:00:49]} 10. Bd3 {[%emt 0:16:50]} c6 {[%emt 0:01:47]} 11. O-O {[%emt 0:09:12]} Nf8 {[%emt 0:00:06]} 12. h3 {[%emt 0:06:16]} Ng6 {[%emt 0:06:25]} 13. Ne5 {[%emt 0:03:48]} Ne4 {[%emt 0:15:34]} 14. Bxe7 {[%emt 0:07:05]} Qxe7 {[%emt 0:00:41]} 15. Nxe4 {[%emt 0:09:01]} dxe4 {[%emt 0:06:00]} 16. Bxe4 {[%emt 0:01:20]} Nxe5 {[%emt 0:00:12]} 17. dxe5 {[%emt 0:02:17]} 1/2-1/2

[Event "4NCL Div 1 2018-19"]
[Site "Telford"]
[Date "2019.02.09"]
[Round "5.31"]
[White "White, Stuart A"]
[Black "Jackson, James P"]
[Result "0-1"]
[WhiteElo "2113"]
[BlackElo "2383"]
[Annotator "ChessBase"]
[PlyCount "126"]
[EventDate "2018.11.10"]
[EventType "team-tourn"]
[EventCountry "GBR"]
[SourceTitle "playchess.com"]
[Source "ChessBase"]
[SourceQuality "1"]
[TimeControl "40/6000+30:3000+30"]

1. d4 {[%emt 0:00:00]} Nf6 {[%emt 0:00:00]} 2. c4 {[%emt 0:00:00]} g6 {[%emt 0:00:00]} 3. Nc3 {[%emt 0:00:05]} Bg7 {[%emt 0:00:00]} 4. e4 {[%emt 0:00:22]} d6 {[%emt 0:00:00]} 5. Nf3 {[%emt 0:00:19]} O-O {[%emt 0:00:00]} 6. Be2 {[%emt 0:00:31]} e5 {[%emt 0:00:07]} 7. d5 {[%emt 0:00:05]} a5 {[%emt 0:00:24]} 8. Bg5 {[%emt 0:00:34]} h6 {[%emt 0:00:06]} 9. Bh4 {[%emt 0:00:12]} Na6 {[%emt 0:00:47]} 10. Nd2 {[%emt 0:00:53]} Bd7 {[%emt 0:00:24]} 11. O-O {[%emt 0:02:03]} Qe8 {[%emt 0:00:16]} 12. b3 {[%emt 0:02:27]} Nh7 {[%emt 0:00:17]} 13. a3 {[%emt 0:01:12]} h5 {[%emt 0:01:15]} 14. f3 {[%emt 0:00:16]} Bh6 {[%emt 0:00:06]} 15. Rb1 {[%emt 0:02:28]} Be3+ {[%emt 0:00:42]} 16. Kh1 {[%emt 0:00:28]} Bc5 {[%emt 0:00:23]} 17. Qc1 {[%emt 0:01:57]} f5 {[%emt 0:00:29]} 18. exf5 {[%emt 0:01:36]} gxf5 {[%emt 0:00:07]} 19. f4 {[%emt 0:01:47]} e4 {[%emt 0:04:18]} 20. Re1 {[%emt 0:06:02]} Be3 {[%emt 0:02:52]} 21. g3 {[%emt 0:02:21]} Bf2 {[%emt 0:00:28]} 22. Rf1 {[%emt 0:02:46]} Bc5 {[%emt 0:00:08]} 23. Nd1 {[%emt 0:22:46]} Qg6 {[%emt 0:07:14]} 24. Re1 {[%emt 0:03:28]} Nf6 {[%emt 0:19:01]} 25. Nf1 {[%emt 0:06:28]} Ng4 {[%emt 0:17:48]} 26. Kg2 {[%emt 0:15:12]} Rae8 {[%emt 0:06:34]} 27. h3 {[%emt 0:02:11]} Nf6 {[%emt 0:00:30]} 28. Nfe3 {[%emt 0:01:02]} c6 {[%emt 0:18:49]} 29. Kh2 {[%emt 0:07:32]} cxd5 {[%emt 0:07:14]} 30. Bxf6 {[%emt 0:10:32]} Rxf6 {[%emt 0:00:14]} 31. Nxd5 {[%emt 0:00:12]} Rf7 {[%emt 0:00:33]} 32. N1e3 {[%emt 0:02:35]} Be6 {[%emt 0:04:39]} 33. Rg1 {[%emt 0:05:43]} Bxd5 {[%emt 0:00:51]} 34. cxd5 {[%emt 0:00:08]} Rg7 {[%emt 0:01:06]} 35. Rg2 {[%emt 0:03:52]} Rf8 {[%emt 0:02:49]} 36. Nc4 {[%emt 0:03:18]} Bf2 {[%emt 0:00:31]} 37. Qc3 {[%emt 0:03:38]} e3 {[%emt 0:03:28]} 38. Nxe3 {[%emt 0:00:33]} Bxg3+ {[%emt 0:00:07]} 39. Kh1 {[%emt 0:00:08]} Nc5 {[%emt 0:00:13]} 40. Bf3 {[%emt 0:01:17]} Qh6 {[%emt 0:08:53]} 41. b4 {[%emt 0:10:14]} axb4 {[%emt 0:07:09]} 42. axb4 {[%emt 0:00:05]} Na4 {[%emt 0:15:01]} 43. Qd4 {[%emt 0:09:07]} Qxf4 {[%emt 0:00:37]} 44. Qxf4 {[%emt 0:00:46]} Bxf4 {[%emt 0:00:06]} 45. Rxg7+ {[%emt 0:00:15]} Kxg7 {[%emt 0:00:06]} 46. Ng2 {[%emt 0:00:18]} Be5 {[%emt 0:00:16]} 47. Rg1 {[%emt 0:05:58]} Kh6 {[%emt 0:24:49]} 48. Nh4 {[%emt 0:01:58]} Rf6 {[%emt 0:00:04]} 49. Rg8 {[%emt 0:00:37]} Nc3 {[%emt 0:00:04]} 50. Rh8+ {[%emt 0:05:29]} Kg5 {[%emt 0:00:25]} 51. Ng2 {[%emt 0:00:17]} Rh6 {[%emt 0:00:49]} 52. Rg8+ {[%emt 0:04:04]} Rg6 {[%emt 0:00:25]} 53. Rb8 {[%emt 0:01:48]} b5 {[%emt 0:03:16]} 54. Kg1 {[%emt 0:01:02]} Kh6 {[%emt 0:00:45]} 55. Kf2 {[%emt 0:02:30]} Bd4+ {[%emt 0:00:19]} 56. Ke1 {[%emt 0:03:29]} Rg3 {[%emt 0:00:20]} 57. Nh4 {[%emt 0:05:09]} Kg5 {[%emt 0:00:33]} 58. Nxf5 {[%emt 0:00:22]} Kxf5 {[%emt 0:00:20]} 59. Bxh5 {[%emt 0:00:15]} Rxh3 {[%emt 0:01:07]} 60. Bf7 {[%emt 0:01:49]} Ke4 {[%emt 0:00:39]} 61. Kd2 {[%emt 0:00:41]} Rh2+ {[%emt 0:00:14]} 62. Ke1 {[%emt 0:00:39]} Re2+ {[%emt 0:00:16]} 63. Kf1 {[%emt 0:00:08]} Rf2+ {[%emt 0:00:06]} 0-1

[Event "4NCL Div 1 2018-19"]
[Site "Telford"]
[Date "2019.02.09"]
[Round "5.32"]
[White "Manelidou, Maria"]
[Black "Webster, David"]
[Result "1-0"]
[WhiteElo "2069"]
[BlackElo "1964"]
[Annotator "NA"]
[PlyCount "97"]
[EventDate "2018.11.10"]
[EventType "team-tourn"]
[EventCountry "GBR"]
[SourceTitle "playchess.com"]
[Source "ChessBase"]
[SourceQuality "1"]
[TimeControl "40/6000+30:3000+30"]

1. e4 {[%emt 0:00:00]} c5 {[%emt 0:00:00]} 2. Be2 {[%emt 0:00:00]} Nc6 {[%emt 0:00:11]} 3. f4 {[%emt 0:00:00]} d5 {[%emt 0:03:49]} 4. exd5 {[%emt 0:04:53]} Qxd5 {[%emt 0:00:15]} 5. Bf3 {[%emt 0:00:52]} Qd6 {[%emt 0:03:23]} 6. Bxc6+ {[%emt 0:01:11]} Qxc6 {[%emt 0:00:18]} 7. Nf3 {[%emt 0:00:29]} Qe4+ {[%emt 0:01:52]} 8. Qe2 {[%emt 0:02:37]} Qxe2+ {[%emt 0:09:23]} 9. Kxe2 {[%emt 0:00:05]} Nf6 {[%emt 0:00:23]} 10. Nc3 {[%emt 0:05:09]} Be6 {[%emt 0:07:32]} 11. h3 {[%emt 0:05:53]} Nd5 {[%emt 0:06:34]} 12. d3 {[%emt 0:04:12]} Nxc3+ {[%emt 0:03:58]} 13. bxc3 {[%emt 0:00:08]} g6 {[%emt 0:00:11]} 14. Rb1 {[%emt 0:07:31]} b6 {[%emt 0:04:35]} 15. c4 {[%emt 0:03:13]} Bg7 {[%emt 0:04:43]} 16. a4 {[%emt 0:05:19]} O-O {[%emt 0:03:35]} 17. Bb2 {[%emt 0:10:49]} f6 {[%emt 0:04:38]} 18. Bc3 {[%emt 0:03:26]} Bd7 {[%emt 0:04:41]} 19. a5 {[%emt 0:03:04]} Rfb8 {[%emt 0:01:37]} 20. axb6 {[%emt 0:07:08]} axb6 {[%emt 0:00:20]} 21. Rb2 {[%emt 0:02:02]} Ra3 {[%emt 0:10:02]} 22. Bd2 {[%emt 0:15:03]} b5 {[%emt 0:05:10]} 23. cxb5 {[%emt 0:01:43]} Rxb5 {[%emt 0:00:32]} 24. Rxb5 {[%emt 0:05:05]} Bxb5 {[%emt 0:00:05]} 25. Rb1 {[%emt 0:00:25]} Ba4 {[%emt 0:08:02]} 26. Rb8+ {[%emt 0:06:23]} Bf8 {[%emt 0:02:43]} 27. f5 {[%emt 0:02:14]} Kf7 {[%emt 0:04:29]} 28. fxg6+ {[%emt 0:01:10]} hxg6 {[%emt 0:00:07]} 29. c3 {[%emt 0:00:49]} Bc6 {[%emt 0:04:40]} 30. Rc8 {[%emt 0:03:33]} Ra6 {[%emt 0:00:54]} 31. Nh4 {[%emt 0:02:15]} g5 {[%emt 0:01:55]} 32. Nf3 {[%emt 0:00:07]} e6 {[%emt 0:03:07]} 33. Rc7+ {[%emt 0:00:55]} Be7 {[%emt 0:01:42]} 34. Nxg5+ {[%emt 0:02:20]} fxg5 {[%emt 0:05:45]} 35. Bxg5 {[%emt 0:00:08]} Bxg2 {[%emt 0:00:51]} 36. Rxe7+ {[%emt 0:01:28]} Kg6 {[%emt 0:01:10]} 37. h4 {[%emt 0:00:09]} c4 {[%emt 0:01:15]} 38. dxc4 {[%emt 0:00:50]} Rc6 {[%emt 0:00:29]} 39. c5 {[%emt 0:03:27]} Bd5 {[%emt 0:01:19]} 40. Be3 {[%emt 0:00:40]} Kh5 {[%emt 0:02:07]} 41. Rh7+ {[%emt 0:50:34]} Kg6 {[%emt 0:50:19]} 42. Rh8 {[%emt 0:01:06]} Ra6 {[%emt 0:00:00]} 43. h5+ {[%emt 0:00:00]} Kf5 {[%emt 0:00:00]} 44. Rf8+ {[%emt 0:00:00]} Ke5 {[%emt 0:00:00]} 45. Kd3 {[%emt 0:00:00]} Be4+ {[%emt 0:00:00]} 46. Kc4 {[%emt 0:00:00]} Bf5 {[%emt 0:00:00]} 47. h6 {[%emt 0:00:00]} Ra7 {[%emt 0:00:00]} 48. c6 {[%emt 0:00:00]} Kd6 {[%emt 0:00:00]} 49. Bxa7 {[%emt 0:00:00] Kd5+ [%emt 00:00:08]} 1-0